| 000 | 00749nam a2200301Ia 4500 | ||
|---|---|---|---|
| 001 | 8911 | ||
| 005 | 20240113234140.0 | ||
| 007 | ta | ||
| 008 | 050722s1970 g b000 u eng u | ||
| 020 | _a0 416 17260 1 | ||
| 040 | _aCotton College,Assam | ||
| 041 | _aeng | ||
| 082 |
_a820.9 _bB 392 R |
||
| 082 |
_a824 _bB 392 R |
||
| 100 | _aBeer, Gillian . | ||
| 245 | 0 |
_aThe Romance / _cGillian Beer. _hTextual Documents |
|
| 250 | _a1st ed. / | ||
| 260 |
_aLondon : _bMethuen & Co Ltd , _c1970. |
||
| 300 |
_a88p. ; _c18cm. |
||
| 504 | _aIndex | ||
| 653 | _aEnglish Literature-Criticism | ||
| 653 | _aG-English | ||
| 653 | _aEnglish essays | ||
| 942 |
_2ddc _cBK |
||
| 999 |
_c8898 _d8898 |
||